[Event "Coventry op 1st"]
[Site "Coventry"]
[Date "2004.04.18"]
[Round "4"]
[White "Lobo, Richard"]
[Black "Dupre, Paul Donald"]
[Result "0-1"]
[WhiteElo "2277"]
[BlackElo "2048"]
[PlyCount "70"]
[EventDate "2004.04.16"]
[EventType "swiss"]
[EventRounds "5"]
[EventCountry "ENG"]
[SourceTitle "CBM 099 Extra"]
[Source "ChessBase"]
[SourceDate "2004.05.04"]
[SourceVersion "1"]
[SourceVersionDate "2004.05.04"]
[SourceQuality "1"]

1. e4 d5 2. exd5 Nf6 3. d4 Bg4 4. f3 Bf5 5. Bc4 Nxd5 6. Ne2 e6 7. Nbc3 Nb4 8. Ne4 c5 9. c3 N4c6 10. Be3 cxd4 11. cxd4 Bb4+ 12. N2c3 Bxe4 13. fxe4 Qh4+ 14. Kf1 Bxc3 15. bxc3 Qxe4 16. Qd3 Qxd3+ 17. Bxd3 0-0 18. Rb1 b6 19. Be4 Rc8 20. Ke2 Nd7 21. Bf4 Nf6 22. Bf3 h6 23. h4 Nd7 24. Kd2 a5 25. Be3 Rab8 26. Rhc1 b5 27. c4 bxc4 28. Rxb8 Ncxb8 29. Bf4 Nb6 30. Rb1 N8d7 31. Bb7 c3+ 32. Kc2 Rc4 33. Be3 Ra4 34. Kxc3 Ra3+ 35. Kd2 Nc4+ 0-1

[Event "BCF-chT4 0304 (4NCL)"]
[Site "West Bromwich "]
[Date "2004.03.28"]
[Round "6.1"]
[White "Noden, Nicolas"]
[Black "Dupre, Paul Donald"]
[Result "1-0"]
[WhiteElo "2176"]
[BlackElo "2053"]
[PlyCount "85"]
[EventDate "2003.10.??"]
[EventType "team"]
[EventRounds "11"]
[EventCountry "ENG"]
[SourceTitle "EXT 2005"]
[Source "ChessBase"]
[SourceDate "2004.11.15"]
[SourceVersion "1"]
[SourceVersionDate "2004.11.15"]
[SourceQuality "1"]
[WhiteTeam "Metropolitan"]
[BlackTeam "Hilsmark Kingfisher II"]
[WhiteTeamCountry "ENG"]
[BlackTeamCountry "ENG"]

1. c4 Nf6 2. g3 g6 3. Bg2 Bg7 4. Nc3 0-0 5. d3 Re8 6. Nf3 c6 7. 0-0 d5 8. cxd5 cxd5 9. Bg5 Nc6 10. Qb3 h6 11. Bxf6 exf6 12. d4 Na5 13. Qd1 Bg4 14. h3 Be6 15. Ne1 Qd7 16. Kh2 Rac8 17. Nd3 b6 18. Rc1 h5 19. Nf4 Bh6 20. Nfxd5 Kg7 21. e3 b5 22. Qf3 f5 23. b3 h4 24. Nf4 hxg3+ 25. fxg3 Bxb3 26. axb3 Nxb3 27. Rc2 b4 28. Rb1 Rxc3 29. Rxc3 bxc3 30. Rxb3 c2 31. Ne2 Rc8 32. Nc1 Qa4 33. Qe2 Qa1 34. Qd2 a5 35. Bd5 a4 36. Rb7 Rc3 37. Rxf7+ Kh8 38. Re7 a3 39. Re8+ Kg7 40. Re7+ Kh8 41. Ba2 Qb2 42. d5 Rd3 43. Qxd3 1-0

[Event "BCF-chT4 0203 (4NCL)"]
[Site "Telford"]
[Date "2003.01.19"]
[Round "4.5"]
[White "Dupre, Paul Donald"]
[Black "Westwood, Richard D"]
[Result "1-0"]
[WhiteElo "2040"]
[BlackElo "1736"]
[PlyCount "65"]
[EventDate "2002.11.??"]
[EventType "team"]
[EventRounds "7"]
[EventCountry "ENG"]
[SourceTitle "EXT 2004"]
[Source "ChessBase"]
[SourceDate "2003.11.25"]
[SourceVersion "1"]
[SourceVersionDate "2003.11.25"]
[SourceQuality "1"]
[WhiteTeam "Hilsmark Kingfisher"]
[BlackTeam "The ADS III"]
[WhiteTeamCountry "ENG"]
[BlackTeamCountry "ENG"]

1. d4 e6 2. c4 f5 3. Nc3 Nf6 4. Nf3 Bb4 5. Bg5 0-0 6. Qc2 d6 7. e3 Nbd7 8. Bd3 h6 9. Bxf6 Qxf6 10. 0-0 Bxc3 11. Qxc3 b6 12. Nd2 e5 13. f4 e4 14. Bc2 c5 15. Nb3 Ba6 16. Rf2 Rac8 17. Rd1 cxd4 18. Rxd4 Rc6 19. Nd2 Rfc8 20. Qa3 b5 21. Bb3 bxc4 22. Ba4 c3 23. bxc3 Rxc3 24. Bb3+ d5 25. Rxd5 Rc1+ 26. Nf1 Bxf1 27. Rxf1 Rxf1+ 28. Kxf1 Kh7 29. Rxd7 Qa1+ 30. Kf2 Rc1 31. Rxg7+ Qxg7 32. Qxc1 Qe7 33. g3 1-0

[Event "BCF-chT qual (4NCL)"]
[Site "England"]
[Date "2002.06.02"]
[Round "3"]
[White "Winfridsson, Ola"]
[Black "Dupre, Paul Donald"]
[Result "1/2-1/2"]
[WhiteElo "2032"]
[BlackElo "2053"]
[PlyCount "57"]
[EventDate "2002.06.??"]
[EventType "team"]
[EventRounds "8"]
[EventCountry "ENG"]
[SourceTitle "EXT 2005"]
[Source "ChessBase"]
[SourceDate "2004.11.15"]
[SourceVersion "1"]
[SourceVersionDate "2004.11.15"]
[SourceQuality "1"]
[WhiteTeam "Poisoned Pawns"]
[BlackTeam "Guildford"]
[WhiteTeamCountry "ENG"]
[BlackTeamCountry "ENG"]

1. d4 Nf6 2. c4 g6 3. g3 c5 4. d5 d6 5. Bg2 Bg7 6. Nf3 b5 7. cxb5 Qa5+ 8. Qd2 Qxb5 9. Nc3 Qc4 10. 0-0 0-0 11. Rd1 Ba6 12. e4 Nxe4 13. Nxe4 Qxe4 14. Re1 Qf5 15. Rxe7 Qf6 16. Re1 Nd7 17. Qf4 Bb7 18. Qxf6 Nxf6 19. Bf4 Rfd8 20. Re7 Bxd5 21. Ng5 Bxg2 22. Kxg2 Nd5 23. Rxf7 Bf6 24. Rb7 Nxf4+ 25. gxf4 h6 26. Nf7 Rdb8 27. Nxh6+ Kh8 28. Nf7+ Kg8 29. Nh6+ 1/2-1/2